000 00935nam a2200229Ii 4500
003 JO-AjNU
008 230605s9999||||xx |||||||||||||| ||und||
017 _a2002/3/543
020 _a9957-11-270-8
040 _aJO-AjNU
_bara
_erda
_cJO-AjNU
041 _aara
050 1 4 _aH62.A8224.2010
100 3 _aفوزي غرايبة،نعيم دهمش،ربحي الحسن،خالد امين عبدالله،هاني ابو جبارة,
_eauthor
_929148
245 0 0 _aأساليب البحث العلمي في العلوم الاجتماعية والانسانية
250 _aط5
264 3 1 _aعمان:دار وائل للنشر والتوزيع،2010
300 _a214ص
336 _atext
_btxt
_2rdacontent
337 _aunmediated
_bn
_2rdamedia
338 _avolume
_bnc
_2rdacarrier
650 4 _aالعلوم الاجتماعية-اللسانيات-الفكر الاجتماعي-علم الاجتماع-الابحاث
_929149
999 _aA11395
_c14963
_d14963